Statistics for 90 secs World Capitals: by Capital City directly South-West

Click here to take the quiz!

General Stats

  • This quiz has been taken 113 times
  • The average score is 138 of 196

Answer Stats

Capital City% Correct
Ankara
100%
Astana
100%
Baku
100%
Beirut
100%
Berlin
100%
Bern
100%
Brussels
100%
Budapest
100%
Cairo
100%
Copenhagen
100%
Damascus
100%
Helsinki
100%
Kiev
100%
Minsk
100%
Moscow
100%
Oslo
100%
Paris
100%
Prague
100%
Riga
100%
Stockholm
100%
Tallinn
100%
Tbilisi
100%
Vaduz
100%
Vilnius
100%
Warsaw
100%
Yerevan
100%
Zagreb
100%
Amman
99%
Amsterdam
99%
Athens
99%
Bishkek
99%
Bucharest
99%
Chisinau
99%
Dushanbe
99%
Jerusalem
99%
Luxembourg
99%
Madrid
99%
Nicosia
99%
Reykjavik
99%
Rome
99%
Tashkent
99%
Ashgabat
97%
Dublin
97%
Kabul
97%
Lisbon
97%
London
97%
Pristina
97%
Tokyo
97%
Beijing
96%
Belgrade
96%
Bratislava
96%
Islamabad
96%
Monaco
96%
Muscat
96%
Podgorica
96%
Sarajevo
96%
Seoul
96%
Skopje
96%
Sofia
96%
Tirana
96%
Tunis
96%
Ulaanbaatar
96%
Vatican City
96%
Vienna
96%
Washington
96%
Algiers
94%
Baghdad
94%
Ljubljana
94%
Manama
94%
San Marino
94%
Tehran
94%
Andorra la Vella
93%
New Delhi
93%
Niamey
93%
Pyongyang
93%
Rabat
93%
Bamako
91%
Banjul
91%
Riyadh
91%
Tripoli
91%
Valletta
91%
Bissau
90%
Conakry
90%
Dakar
90%
Doha
90%
Freetown
90%
Kathmandu
90%
Monrovia
90%
Nouakchott
90%
Ottawa
90%
Ouagadougou
90%
Praia
90%
Thimphu
90%
Dhaka
88%
Hanoi
88%
Kuwait City
87%
Nay Pyi Taw
85%
Abu Dhabi
82%
Accra
82%
Brasilia
82%
Colombo
82%
Khartoum
82%
Male
82%
Mogadishu
82%
Vientiane
81%
Lome
76%
Mexico City
75%
Sana'a
75%
Yamoussoukro
75%
Abuja
73%
Havana
73%
Moroni
72%
Victoria
72%
Bangkok
70%
Funafuti
70%
Apia
69%
Djibouti
69%
Nassau
69%
Port-Vila
69%
Suva
69%
Tarawa
69%
Addis Ababa
67%
Bridgetown
66%
Malabo
66%
N'Djamena
66%
Taipei
66%
Belmopan
64%
Yaounde
64%
Canberra
63%
Asuncion
60%
Kingston
60%
Kingstown
60%
Porto-Novo
60%
Pretoria
60%
Saint George's
60%
Castries
58%
Guatemala City
58%
Managua
58%
San Salvador
58%
Tegucigalpa
58%
Wellington
57%
Port-of-Spain
54%
Manila
52%
Roseau
52%
Santiago
52%
Saint John's
51%
Basseterre
49%
Caracas
48%
Asmara
46%
Bogota
45%
Dodoma
45%
Buenos Aires
42%
Georgetown
42%
Nairobi
42%
Paramaribo
40%
Kampala
39%
Lusaka
39%
Port-au-Prince
39%
Lima
37%
Sao Tome
37%
Santo Domingo
36%
Bujumbura
33%
Juba
31%
Kigali
31%
Majuro
31%
Montevideo
28%
Windhoek
28%
Antananarivo
27%
Bandar Seri Begawan
27%
Jakarta
27%
Quito
25%
Luanda
24%
Panama
24%
Phnom Penh
24%
Port Louis
24%
Maputo
22%
Dili
18%
Mbabane
18%
Palikir
18%
Singapore
18%
Yaren
18%
San Jose
16%
Bangui
15%
Port Moresby
15%
Maseru
13%
Kinshasa
12%
Sucre
12%
Harare
10%
Lilongwe
10%
Brazzaville
7%
Honiara
7%
Kuala Lumpur
7%
Gaborone
4%
Libreville
4%
Nuku'alofa
4%
Melekeok
1%

Score Distribution

Percentile by Number Answered

Percent of People with Each Score

Your Score History

You have not taken this quiz